Applied Psychology for Nurses (Record no. 142490)
[ view plain ]
| 000 -LEADER | |
|---|---|
| fixed length control field | 00477nam a2200205Ia 4500 |
| 003 - CONTROL NUMBER IDENTIFIER | |
| control field | OSt |
| 005 - DATE AND TIME OF LATEST TRANSACTION | |
| control field | 20240330164016.0 |
| 008 - FIXED-LENGTH DATA ELEMENTS--GENERAL INFORMATION | |
| fixed length control field | 230314s9999 xx 000 0 und d |
| 020 ## - INTERNATIONAL STANDARD BOOK NUMBER | |
| International Standard Book Number | 978-93-5465-493-0 |
| 041 ## - LANGUAGE CODE | |
| Language code of text/sound track or separate title | eng |
| 082 ## - DEWEY DECIMAL CLASSIFICATION NUMBER | |
| Classification number | PY 150 SRE B09754 |
| 100 ## - MAIN ENTRY--PERSONAL NAME | |
| Personal name | Sreevani R |
| 245 ## - TITLE STATEMENT | |
| Title | Applied Psychology for Nurses |
| 250 ## - EDITION STATEMENT | |
| Edition statement | 4th |
| 260 ## - PUBLICATION, DISTRIBUTION, ETC. (IMPRINT) | |
| Name of publisher, distributor, etc. | Jaypee Brothers |
| Place of publication, distribution, etc. | New Delhi |
| Date of publication, distribution, etc. | 2022 |
| 300 ## - PHYSICAL DESCRIPTION | |
| Extent | 261p |
| 906 ## - LOCAL DATA ELEMENT F, LDF (RLIN) | |
| b | BSC |
| 942 ## - ADDED ENTRY ELEMENTS (KOHA) | |
| Source of classification or shelving scheme | Dewey Decimal Classification |
| Koha item type | Books |
| Withdrawn status | Lost status | Source of classification or shelving scheme | Damaged status | Not for loan | Home library | Current library | Date acquired | Vendor | Cost, normal purchase price | Bill number | Total Checkouts | Total Renewals | Full call number | Barcode | Checked out | Date last seen | Date last checked out | Discount | Cost, replacement price | Bill Date | Koha item type | Original Barcode |
|---|---|---|---|---|---|---|---|---|---|---|---|---|---|---|---|---|---|---|---|---|---|---|
| Dewey Decimal Classification | Smt. Bakul Tambat Institute of Nursing Education | Smt. Bakul Tambat Institute of Nursing Education | 30/03/2022 | Varad Enterprises | 595.00 | 15 | 42 | 18 | PY 150 SRE B09751 | BTIN-BK-9751 | 07/04/2026 | 20/03/2026 | 20/03/2026 | 196.35 | 398.65 | 26/03/2022 | Books | B09751 | ||||
| Dewey Decimal Classification | Smt. Bakul Tambat Institute of Nursing Education | Smt. Bakul Tambat Institute of Nursing Education | 30/03/2022 | Varad Enterprises | 595.00 | 15 | 37 | 21 | PY 150 SRE B09752 | BTIN-BK-9752 | 07/04/2026 | 18/03/2026 | 18/03/2026 | 196.35 | 398.65 | 26/03/2022 | Books | B09752 | ||||
| Dewey Decimal Classification | Smt. Bakul Tambat Institute of Nursing Education | Smt. Bakul Tambat Institute of Nursing Education | 30/03/2022 | Varad Enterprises | 595.00 | 15 | 35 | 18 | PY 150 SRE B09753 | BTIN-BK-9753 | 31/03/2026 | 20/03/2026 | 196.35 | 398.65 | 26/03/2022 | Books | B09753 | |||||
| Dewey Decimal Classification | Smt. Bakul Tambat Institute of Nursing Education | Smt. Bakul Tambat Institute of Nursing Education | 30/03/2022 | Varad Enterprises | 595.00 | 15 | 40 | 28 | PY 150 SRE B09754 | BTIN-BK-9754 | 07/04/2026 | 20/03/2026 | 20/03/2026 | 196.35 | 398.65 | 26/03/2022 | Books | B09754 |